000 00311 a2200157 4500
001 175532
020 _a0-19-422811-8
040 _cMagnum
100 _aEscott, John
240 1 0 _aThe cinema
_lING
245 1 0 _aThe cinema
300 _a30
362 0 _a1998
697 _aLITERATURA INGLESA
942 _cBK
999 _c175532
_d175532